[Event "53rd Biel Rapid 2020"]
[Site "Biel"]
[Date "2020.07.19"]
[Round "3.1"]
[White "Studer, Noel"]
[Black "Harikrishna, Pentala"]
[Result "1/2-1/2"]
[WhiteElo "2580"]
[BlackElo "2719"]
[Annotator "TA"]
[PlyCount "90"]
[EventDate "2020.07.19"]
[EventType "tourn"]
[EventCountry "SUI"]
[SourceTitle "playchess.com"]
[Source "ChessBase"]
[SourceQuality "1"]

{[%evp 15,90,39,41,14,10,0,2,0,0,0,0,-4,-20,-14,0,-7,10,12,10,11,21,8,7,14,30,35,10,0,43,0,0,0,0,-60,0,-34,0,0,0,0,0,0,0,0,0,3,24,0,0,0,137,130,137,115,118,27,29,30,31,0,0,0,14,0,0,0,0,-2,0,-10,-10,-10,0,0,0,0,0]} 1. d4 d5 2. c4 dxc4 3. Nf3 Nf6 4. e3 Bg4 5. Bxc4 e6 6. h3 Bh5 7. Nc3 Be7 8. O-O Nbd7 9. Re1 {D25: Queen's Gambit Accepted: 4 e3: sidelines and 4...Bg4.} O-O 10. g4 Bg6 {[#]} 11. Nh4 $146 ({Predecessor:} 11. e4 Ne8 12. Bf4 Nd6 13. Bb3 Nb6 14. Qe2 Re8 15. Rad1 c6 16. Qf1 Bf8 17. d5 exd5 18. exd5 Rxe1 19. Qxe1 {½-½ (34) Giordani,M (2156)-Schuetz,P (1963) Budapest 2004}) 11... c5 12. Nxg6 hxg6 13. Bf1 cxd4 14. Qxd4 Nc5 15. Bg2 Rb8 16. Rd1 Qc8 17. Qc4 a6 18. Bd2 b5 19. Qf1 Rd8 20. Ne2 e5 21. Rac1 {aiming for b4.} Qe6 22. b3 (22. Ba5 $5 {[%cal Ra5d8]} Rxd1 23. Qxd1 $14) 22... b4 23. Ng3 a5 24. g5 ({White should play} 24. Rc2 $11) 24... Nd5 ({Black should try} 24... Nh5 $15 25. Nxh5 gxh5) 25. Qc4 {[#]} (25. Be1 {seems wilder.} Nc7 26. Rxd8+ Rxd8 27. h4 Qg4 28. Ne4) 25... Nc3 $1 {[%mdl 512]} 26. Qxe6 (26. Bxc3 Rxd1+) 26... Nxe6 27. Bxc3 Rxd1+ 28. Rxd1 bxc3 29. Rc1 Nxg5 30. Rxc3 Ne6 31. Bd5 Nc5 32. Ne4 Na6 {[#]} (32... Nxe4 $11 {keeps the balance.} 33. Bxe4 Rd8) 33. Bc4 $1 $16 {[%cal Rc4a6]} Rb6 34. Rd3 Nb8 35. Nc3 (35. Rd5 $16) 35... Rd6 $11 36. Rxd6 Bxd6 {[%mdl 4096] Endgame KBN-KBN} 37. Bd5 Na6 {The position is equal.} 38. Bc4 Nb4 39. a3 {Nb5 is the strong threat.} Nc2 40. a4 Kf8 41. Nd5 f5 42. Bd3 Ne1 43. Be2 Nc2 44. Bd3 Nb4 45. Nxb4 Bxb4 {Accuracy: White = 78%, Black = 91%.} 1/2-1/2

[Event "53rd Biel Rapid 2020"]
[Site "Biel"]
[Date "2020.07.19"]
[Round "3.2"]
[White "Naiditsch, Arkadij"]
[Black "Keymer, Vincent"]
[Result "0-1"]
[WhiteElo "2626"]
[BlackElo "2558"]
[Annotator "TA"]
[PlyCount "48"]
[EventDate "2020.07.19"]
[EventType "tourn"]
[EventCountry "SUI"]
[SourceTitle "playchess.com"]
[Source "ChessBase"]
[SourceQuality "1"]

{[%evp 9,48,5,7,-44,-37,-42,-37,-50,-17,-22,-15,-24,-12,-43,-18,-43,-41,-36,-49,-46,-39,-45,-44,-61,-25,-33,-25,-33,-33,-73,-47,-71,-22,-205,-197,-272,-289,-274,-286,-297,-306]} 1. d4 d5 2. Nf3 Nf6 3. e3 Bf5 4. Nbd2 h6 5. Ne5 e6 6. g4 {D04: Colle System.} ({White should try} 6. Bd3 $11) 6... Bh7 $1 $15 7. h4 {[#]} Nfd7 $146 ({Predecessor:} 7... Ne4 8. Nxe4 Bxe4 9. f3 Bh7 10. Qe2 c6 11. c3 Be7 12. Qf2 Nd7 13. Nd3 Qc7 {½-½ (44) Calton,B (2209)-Jarosz,S (2051) Auburn Hills 2002}) 8. Ndf3 {Black is slightly better.} Nxe5 9. Nxe5 Nd7 10. Bd3 Bxd3 11. cxd3 (11. Qxd3 {feels hotter.} c5 12. Nxd7 c4 13. Qe2 Qxd7 14. e4) 11... Bd6 (11... Nxe5 {keeps more tension.} 12. dxe5 Be7 13. h5 O-O 14. f4 c5) 12. Nxd7 Qxd7 13. Bd2 O-O-O 14. h5 Rhe8 15. Bc3 f6 16. Qf3 Qb5 17. O-O-O e5 18. Qf5+ Kb8 19. Rhe1 a5 {[%cal Ba7a5,Ba5a4,Ba4a3][%mdl 32]} 20. Kb1 a4 21. e4 $2 {White does not recover from this.} (21. Re2 $11 {and White is okay.}) 21... a3 {And now ...exd4 would win.} 22. dxe5 {[#]} (22. b3 $142) 22... Bb4 $1 $19 {[%cal Rb4c3] Black has a decisive advantage.} ({And not} 22... Bxe5 23. d4 $11) ({Less strong is} 22... fxe5 23. exd5 Rf8 24. Qe4 $17) 23. Bxb4 Qxb4 {[%csl Ga3][%cal Rb4b2]} 24. Re2 Rxe5 {Accuracy: White = 58%, Black = 77%.} 0-1

[Event "53rd Biel Rapid 2020"]
[Site "Biel"]
[Date "2020.07.19"]
[Round "3.3"]
[White "Adams, Michael"]
[Black "Wojtaszek, Radoslaw"]
[Result "1/2-1/2"]
[WhiteElo "2701"]
[BlackElo "2719"]
[Annotator "TA"]
[PlyCount "61"]
[EventDate "2020.07.19"]
[EventType "tourn"]
[EventCountry "SUI"]
[SourceTitle "playchess.com"]
[Source "ChessBase"]
[SourceQuality "1"]

{[%evp 15,61,16,19,22,29,10,29,25,15,12,22,6,18,10,11,12,8,0,0,-10,0,-6,0,-37,-13,-23,0,-7,8,0,38,0,0,0,0,0,0,0,0,0,0,-10,-4,-12,0,0,-1,-1]} 1. e4 c5 2. Nf3 d6 3. Bb5+ Nd7 4. O-O a6 5. Bxd7+ Bxd7 6. d4 cxd4 7. Qxd4 e5 8. Qd3 h6 9. Nc3 {B51: Sicilian: Moscow Variation (3 Bb5+) without 3...Bd7.} Rc8 10. Nd2 Qc7 11. Rd1 {White has an edge.} Nf6 12. Nf1 Bg4 13. Re1 Be7 14. Ne3 Be6 15. a4 O-O 16. Bd2 Qc5 17. Red1 Bd8 {[#]} 18. h3 $146 ({Predecessor:} 18. a5 Qd4 19. Be1 Qxd3 20. Rxd3 Rc5 21. f3 g6 22. b3 Nh5 23. Ncd5 Nf4 24. Nxf4 exf4 25. Nd5 Bxd5 26. Rxd5 Rxc2 27. Rxd6 Rb2 28. Rd3 Rc2 29. Rad1 Bf6 {0-1 (29) Antonio,R (2478)-Gupta,A (2633) Olongapo City 2015}) 18... Bb6 19. Qe2 (19. a5 {looks sharper.} Ba7 20. Be1 Qd4 21. Qe2 Qc5 22. Qd3) 19... Qc6 20. Qf3 Bxe3 21. Bxe3 Kh7 22. a5 Rfd8 23. Bb6 Rd7 {The position is equal.} 24. Rd3 d5 25. exd5 Nxd5 26. Nxd5 Rxd5 27. Rc3 Qd7 28. Rxc8 Qxc8 29. Rd1 Qd7 30. Rxd5 Qxd5 31. Qxd5 {A rather calm draw. Accuracy: White = 88%, Black = 94%.} 1/2-1/2

[Event "53rd Biel Rapid 2020"]
[Site "Biel"]
[Date "2020.07.19"]
[Round "3.4"]
[White "Anton Guijarro, David"]
[Black "Edouard, Romain"]
[Result "1/2-1/2"]
[WhiteElo "2703"]
[BlackElo "2649"]
[Annotator "TA"]
[PlyCount "106"]
[EventDate "2020.07.19"]
[EventType "tourn"]
[EventCountry "SUI"]
[SourceTitle "playchess.com"]
[Source "ChessBase"]
[SourceQuality "1"]

{[%evp 24,106,24,25,32,21,55,43,104,65,64,75,113,88,124,123,161,162,153,150,154,161,153,89,89,89,89,87,174,168,274,274,361,274,274,259,290,188,189,189,252,247,275,275,275,275,357,170,383,383,383,383,383,383,383,383,383,383,337,0,0,0,0,0,0,0,0,0,0,0,0,0,0,0,0,0,0,0,0,0,0,0,0,0,0]} 1. Nf3 c5 2. c4 Nc6 3. Nc3 Nf6 4. g3 e6 5. Bg2 d5 6. cxd5 exd5 7. d4 Be7 8. O-O O-O 9. dxc5 Bxc5 10. Na4 Be7 11. Be3 Re8 12. Rc1 Bg4 13. h3 Bh5 {D34: Tarrasch Defence: 6 g3 Nf6 7 Bg2 Be7.} 14. Nd4 Nxd4 15. Bxd4 {[#]} Bb4 $146 (15... Ne4 $14) ({Predecessor:} 15... Bf8 16. Bf3 Bxf3 17. exf3 Nd7 18. Qb3 Qa5 19. Rfd1 b5 20. Nc3 Ne5 21. Nxd5 Rad8 {1-0 (31) Mareco,S (2592)-Mahia,G (2366) Saenz Pena 2014}) 16. Bf3 (16. Qb3 {with more complications.} Bd6 17. Rfe1 b6 18. e3 Bg6 19. Red1) 16... Bxf3 17. exf3 b6 18. Kg2 Nd7 19. Qb3 Bc5 20. Bxc5 Nxc5 21. Nxc5 bxc5 22. Rxc5 Rb8 23. Rxd5 (23. Rb5 $142) 23... Rxb3 $16 24. Rxd8 Rxd8 25. axb3 {[%mdl 4096] Endgame KR-KR} Rd2 (25... Rd3 $16) 26. Ra1 $18 Rxb2 (26... Rd7 $142 27. Ra4 g6) 27. Rxa7 {[%cal Ra7a8] [#]} g5 28. Rb7 Kg7 29. Rb6 h5 30. f4 gxf4 31. gxf4 h4 (31... Rd2 $142 32. Kg3 Rd5) 32. f5 Kh7 33. Kf3 Kg7 34. b4 Kh7 35. b5 (35. Kf4 $142) 35... Kg7 $2 (35... Rb4 36. Ke3 Rb3+ 37. Kf4 Rxh3) 36. Kg4 Rxf2 37. Rc6 Rb2 38. b6 Rb4+ 39. Kg5 Rb5 40. Rd6 Rb4 {[#]} 41. f6+ $2 (41. Kh5 $1 $18) 41... Kh7 $1 $11 {The position is equal.} 42. Kf5 Rb5+ 43. Ke4 Rb3 $1 44. Kd5 Rxh3 45. Kc6 {Strongly threatening b7.} Rc3+ $1 46. Kd7 Rb3 47. Kc7 h3 48. b7 {Threatens to win with Rd3!} h2 49. Rd1 Rc3+ 50. Kd8 Rb3 51. Kc8 Rc3+ 52. Kd8 Rb3 53. Kc8 Rc3+ {Blacks defense is rewarded with a draw. Accuracy: White = 75%, Black = 52%.} 1/2-1/2

[Event "53rd Biel Rapid 2020"]
[Site "Biel"]
[Date "2020.07.20"]
[Round "4.1"]
[White "Anton Guijarro, David"]
[Black "Studer, Noel"]
[Result "0-1"]
[WhiteElo "2703"]
[BlackElo "2580"]
[Annotator "TA"]
[PlyCount "92"]
[EventDate "2020.07.19"]
[EventType "tourn"]
[EventCountry "SUI"]

{[%evp 28,92,0,0,0,-30,0,-4,0,-11,0,0,20,17,91,102,102,103,195,183,238,214,229,132,125,126,276,151,208,160,130,74,53,0,0,-117,0,-155,-83,-207,-175,-165,-168,-160,-66,-229,-104,-268,-252,-1516,-1491,-4798,-971,-978,-973,-958,-954,-897,-840,-814,-788,-5622,-5608,-5406,-5293,-4831,-4802]} 1. Nf3 d5 2. c4 e6 3. e3 Nf6 4. d4 c5 5. cxd5 exd5 6. Bb5+ Nbd7 7. dxc5 Bxc5 8. O-O O-O 9. Nc3 a6 10. Be2 Nb8 11. b3 Nc6 12. Bb2 Ba7 13. Rc1 Re8 14. Na4 Ne4 15. Nd4 Qg5 {D32: Tarrasch Defence: Sidelines and lines without g3.} 16. f4 Qh6 17. Bf3 $1 Qd6 {The position is equal.} 18. Re1 Bd7 19. Nxc6 bxc6 {[#]} 20. Be5 $146 {[%mdl 2048] White has some pressure.} ({Predecessor:} 20. Bd4 c5 21. Be5 Qe6 22. Bxe4 dxe4 23. Nxc5 Bxc5 24. Rxc5 {½-½ (35) Eperjesi,L (2250)-Estremera Panos,S (2394) Porto San Giorgio 2009}) 20... Rxe5 (20... Qh6 $11 {keeps the balance.} 21. Bd4 (21. Bxe4 Rxe5 22. Bxh7+ Kxh7 $15) 21... Bxd4 22. Qxd4 Bf5) 21. fxe5 $16 Qh6 22. Qe2 {Strongly threatening Bxe4.} Re8 (22... Ng5 $16) 23. Bxe4 $1 $18 {And now Bd3 would win.} dxe4 (23... Rxe5 $142 24. Nc5 Bxc5 25. Bxh7+ (25. Rxc5 Rxe4 26. Qxa6 Qe6 $16) 25... Qxh7 26. Rxc5 Qh4) 24. Nc5 Bc8 25. b4 (25. Nxe4 $6 Rxe5 26. Rcd1 Bb6) (25. Qc4 $18) 25... Rxe5 $16 26. Rcd1 {Threatening mate with Rd8+.} Bb6 (26... Qh4 $16) 27. Rd4 (27. Nd7 $18 Bxd7 28. Rxd7) 27... Bc7 (27... g6 $16 28. Qc4 Qh4) 28. g3 ({Don't play} 28. Nxe4 $6 Qg6 $16) 28... Qg6 29. Red1 (29. Nxa6 $142 Bb6 30. Nc5 $1 {[%mdl 512]}) 29... Re8 30. Qf2 (30. Nxe4 $14 Bb6 31. Nc5) 30... h5 $11 31. Kf1 (31. Qc2 $11 {remains equal.}) 31... Kh7 (31... a5 $17 32. a3 axb4 33. axb4 h4 34. gxh4 Bh3+ 35. Ke1 Be5) 32. R1d2 $2 {[#]} (32. Nd7 $1 $11) 32... a5 ({Black should play} 32... Bh3+ $1 33. Ke1 a5) 33. a3 (33. Qg2 $17 {was called for.}) 33... axb4 34. axb4 Bh3+ 35. Ke1 Bg4 (35... f5 $17 36. Rc2 Be5) 36. Ra2 $2 ({Better is} 36. Rd7 $1 $15 Bxd7 37. Rxd7) 36... Bf3 (36... Be5 $19 {has better winning chances.} 37. Rc4 Rd8) 37. Ra6 $2 (37. Nd7 $17) 37... Be5 $19 38. Qd2 $2 (38. Nb3 Qe6 39. Qc2 (39. Nc5 $2 Qc8 $19)) 38... h4 {Black is clearly winning.} 39. Nd7 Bxd4 (39... hxg3 $142 40. Ra2 gxh2 41. Qxh2+ Bxh2 42. Rxh2+ Kg8) 40. Qxd4 hxg3 41. hxg3 Qxg3+ 42. Kd2 Qf2+ 43. Kc3 Qe1+ 44. Kb3 Qb1+ 45. Ka3 Qd3+ 46. Qxd3 exd3 {Accuracy: White = 32%, Black = 46%.} 0-1

[Event "53rd Biel Rapid 2020"]
[Site "Biel"]
[Date "2020.07.20"]
[Round "4.2"]
[White "Edouard, Romain"]
[Black "Adams, Michael"]
[Result "0-1"]
[WhiteElo "2649"]
[BlackElo "2701"]
[Annotator "TA"]
[PlyCount "84"]
[EventDate "2020.07.19"]
[EventType "tourn"]
[EventCountry "SUI"]

{[%evp 22,84,5,0,0,-23,39,0,0,0,0,-57,3,-11,-33,-35,-40,-35,-81,-25,0,-81,-69,-84,-62,-68,-50,-45,-32,-37,-42,-47,-41,-41,-8,-16,0,-4,0,-13,0,0,0,0,0,0,0,0,0,0,0,-127,-11,-13,14,15,13,1,1,-62,-60,-649,-633,-608,-605]} 1. d4 Nf6 2. c4 e6 3. Nc3 Bb4 4. Nf3 c5 5. g3 cxd4 6. Nxd4 O-O 7. Bg2 d5 8. Qb3 Bxc3+ 9. bxc3 Nc6 10. cxd5 Na5 11. Qc2 Nxd5 12. O-O Bd7 {E20: Nimzo-Indian: 4 g3 and 4 f3.} 13. e4 {[#]} Ne7 $146 (13... Nb6 $11) ({Predecessor:} 13... Nb6 14. e5 Qc7 15. Be4 h6 16. Bf4 Bc6 17. Nxc6 Nxc6 18. c4 Nd4 19. Qd1 Qxc4 20. Re1 {½-½ (32) Edouard,R (2659)-Jones,G (2661) London 2014}) 14. e5 Rc8 {The position is equal.} 15. Be4 h6 16. Qe2 (16. Re1 $11) 16... Nf5 (16... Nd5 $1 $15) 17. Qg4 (17. Rd1 {looks sharper.} Qc7 18. Rb1 Rfd8 19. Bxf5 exf5 20. Bf4) 17... Rxc3 18. Bxf5 exf5 19. Nxf5 Bxf5 20. Qxf5 Qc8 21. Qh5 (21. e6 $11 Rc5 22. Qg4) 21... Nc4 22. Bf4 Qe6 23. h4 Rd8 24. Rfd1 Rcd3 25. Rxd3 Rxd3 26. Qe2 Rd5 {[%cal Rc4e5]} 27. Re1 ({Wrong is} 27. Qxc4 $2 Rd1+ 28. Rxd1 Qxc4 $19) 27... b5 {[#]} 28. a4 $1 {[%mdl 512]} a6 (28... bxa4 29. Qxc4) 29. axb5 axb5 30. Qe4 Nb2 31. Ra1 {Threatening mate with Ra8+.} Na4 32. Qf3 Rd8 33. Rc1 Rc8 34. Rd1 Nc5 35. Rd6 Qf5 36. Rb6 {[#]} (36. Kg2 $11 {remains equal.}) 36... Ne6 (36... Nd3 $1 $17 {...Rc1+! is the strong threat.} 37. Rd6 {[#]} (37. Rxb5 $2 Rc1+ {[%mdl 64] Pin} 38. Kh2 Rc2 $19) 37... Rc1+ $1 {[%mdl 512]} 38. Kh2 Nxe5) 37. Kg2 $1 $11 Qb1 38. Be3 Qd3 39. Rb7 Rf8 40. Qc6 (40. Kh2 $11) 40... Nd8 $1 $15 {[%csl LRb7,LRc6][%mdl 64] Double Attack} 41. Qf3 $2 {[%mdl 8192]} (41. Rd7 $15) 41... Nxb7 $19 42. Qxb7 Rd8 {Accuracy: White = 74%, Black = 71%.} 0-1

[Event "53rd Biel Rapid 2020"]
[Site "Biel"]
[Date "2020.07.21"]
[Round "4.3"]
[White "Wojtaszek, Radoslaw"]
[Black "Naiditsch, Arkadij"]
[Result "1-0"]
[WhiteElo "2719"]
[BlackElo "2626"]
[Annotator "TA"]
[PlyCount "77"]
[EventDate "2020.07.19"]
[EventType "tourn"]
[EventCountry "SUI"]

{[%evp 12,77,2,3,8,11,27,27,32,33,22,10,31,26,12,11,113,43,46,45,109,145,124,67,81,21,48,66,121,18,68,0,0,0,0,0,241,250,240,245,223,141,146,113,135,122,114,107,121,91,214,218,215,222,228,173,217,139,218,0,192,191,29970,6187,29988,29989,29995,29992]} 1. d4 Nf6 2. c4 e6 3. g3 d5 4. Bg2 Bb4+ 5. Nd2 O-O 6. Ngf3 dxc4 7. Qc2 b5 {E04: Open Catalan: 5 Nf3.} 8. a4 bxa4 9. O-O Bb7 {White has an edge.} 10. Nxc4 c5 {[#]} 11. Rd1 $5 $146 {[%mdl 8] New and interesting.} ({Predecessor:} 11. Bg5 Nc6 12. dxc5 Bxc5 13. Rad1 Qe7 14. Nce5 Nxe5 15. Nxe5 Qc7 16. Nc6 Qb6 17. Bxf6 gxf6 18. Qxa4 Bxc6 19. Qxc6 {½-½ (43) Kucuksari,K (2337)-Petrov,N (2592) Prague 2020}) 11... cxd4 12. Rxd4 Qe7 13. Bg5 {Threatens to win with Rh4.} Nc6 (13... Nbd7 $11) 14. Rf4 (14. Bxf6 $6 Qxf6 15. Rh4 g6 $11) ({Better is} 14. Rh4 $1 $16 {Black must now prevent Bxf6.} h6 15. Bxf6 Qxf6 16. Nfe5 $1 {[%mdl 512]} Nxe5 17. Bxb7) 14... Rfd8 15. Qxa4 h6 (15... Bc5 $14) 16. Bxf6 $16 gxf6 17. Rh4 (17. Ne3 $1 $16) 17... Rac8 18. Ne3 (18. Rxh6 $16 a5 19. Ne3 (19. Qc2 f5 $14)) 18... f5 19. Rxh6 Bc5 ({Black should play} 19... a5 $14) 20. Qb3 (20. Qf4 $1 $16 {aiming for Nxf5!} Bd6 21. Nxf5 {[%mdl 64] Pin} Bxf4 22. Nxe7+ Nxe7 23. gxf4) 20... Rb8 21. Ra4 (21. Qc3 Nd4 $15) (21. Nc2 $1 $14) 21... Nd4 $11 22. Nxd4 Bxd4 23. Rb4 {[%cal Rb4b7]} Qg5 $2 (23... Qf8 $1 $11 {and Black is okay.} 24. Rh4 Be4 25. Rxb8 Rxb8) 24. Rh4 $18 Bb6 25. Bxb7 ({Don't play} 25. Qc3 $6 Qg7 $16) 25... Rxb7 26. Qc3 {[%csl Gc3][%cal Rh4h8]} Qg7 27. Qc6 $40 {[%mdl 128] White goes for the king.} Rbd7 28. Qf3 Bd4 29. b3 Kf8 30. Kg2 a5 (30... Qe5 $16) 31. Rb5 $1 Bc3 32. Nc4 Bf6 33. Rh5 Rd1 34. Rb7 Rb1 (34... Re1 $16 35. Nxa5 Qg4) 35. Qc6 $2 (35. e4 $18) 35... Qg6 $2 {[#]} (35... Qg4 $1 $11 36. Rh7 Qxe2 37. Rhxf7+ Kg8) 36. Rh3 $1 Rdd1 $2 {[#]} (36... Qg4 $18) 37. Qc8+ (37. Ne5 $142 $1 {[%mdl 512]} Qg8 (37... Bxe5 38. Qc8+) 38. Rxf7+ Qxf7 39. Nxf7 Kxf7 40. Qc7+ Be7 41. Rh7+ Kf6 42. Qxe7+ Ke5 43. Qc7+ {[%mdl 64] Double Attack} Ke4 44. Qc4+ Ke5 45. f4+ Kf6 46. Qc3+ {[%mdl 64] Double Attack} e5 47. Qxe5+ Kg6 48. Qg7#) 37... Bd8 {[#]} 38. Ne5 $1 {[%mdl 64] Double Attack} Qg4 39. Nxg4 {Accuracy: White = 57%, Black = 52%.} 1-0

[Event "53rd Biel Rapid 2020"]
[Site "Biel"]
[Date "2020.07.20"]
[Round "4.4"]
[White "Keymer, Vincent"]
[Black "Harikrishna, Pentala"]
[Result "1/2-1/2"]
[WhiteElo "2558"]
[BlackElo "2719"]
[Annotator "TA"]
[PlyCount "85"]
[EventDate "2020.07.19"]
[EventType "tourn"]
[EventCountry "SUI"]

{[%evp 16,85,20,13,25,29,38,41,36,36,35,35,33,14,10,29,28,31,25,20,31,28,23,23,23,27,32,35,28,22,30,12,14,0,0,-2,1,0,4,4,12,0,0,0,0,0,0,0,0,0,0,0,0,0,0,0,0,0,0,0,0,0,0,0,0,0,0,0,0,0,0,0]} 1. Nf3 Nf6 2. c4 c5 3. Nc3 Nc6 4. g3 g6 5. Bg2 d6 6. O-O Bg7 7. d4 cxd4 8. Nxd4 Bd7 9. b3 Qa5 {A31: Symmetrical English: 2 Nf3 Nf6 3 d4.} 10. Bb2 Qh5 11. Nd5 Nxd5 {White is slightly better.} 12. cxd5 Nxd4 13. Bxd4 O-O 14. Bxg7 Kxg7 15. Qd4+ {[#]} Qe5 $146 ({Predecessor:} 15... f6 16. Rac1 Rfc8 17. Rxc8 Rxc8 18. Qxa7 Qxe2 19. Qxb7 Bf5 20. a4 Rc2 21. Qb4 Kf7 {0-1 (37) Teske,H (2513)-Giri,A (2466) Germany 2008}) 16. Qxe5+ dxe5 17. Rac1 {aiming for Rc7.} Rac8 18. d6 exd6 19. Bxb7 Rxc1 20. Rxc1 $11 {[%mdl 4096] Endgame KRB-KRB} Be6 21. Ba6 Rd8 22. Rc7 Rd7 23. Rxd7 (23. Rc2 {is interesting.} Kf6 24. f3 d5 25. Bb5 Rb7 26. Rc5) 23... Bxd7 {KB-KB. The position is equal.} 24. b4 Kf6 25. Bb7 Ke7 26. f4 exf4 27. gxf4 h6 28. h4 Kd8 29. Bd5 f6 30. Kf2 Kc7 31. Ke3 Kb6 32. Bc4 g5 33. fxg5 fxg5 34. hxg5 hxg5 35. a3 Bc6 36. Bd3 Bb5 {[#] And now ...Bxd3 would win.} 37. Bf5 Bc4 38. Bd7 Bd5 39. Kd4 Bg2 40. e4 Bf3 41. e5 dxe5+ 42. Kxe5 a5 43. Kd4 {Accuracy: White = 100%, Black = 100%.} 1/2-1/2

[Event "53rd Biel Rapid 2020"]
[Site "Biel"]
[Date "2020.07.20"]
[Round "5.1"]
[White "Studer, Noel"]
[Black "Keymer, Vincent"]
[Result "0-1"]
[WhiteElo "2580"]
[BlackElo "2558"]
[Annotator "TA"]
[PlyCount "112"]
[EventDate "2020.07.19"]
[EventType "tourn"]
[EventCountry "SUI"]

{[%evp 23,112,0,0,0,2,0,0,0,0,0,1,0,0,0,0,0,0,0,0,0,0,0,0,0,0,0,24,-7,-7,-2,-12,-7,0,0,0,-8,-5,-16,-8,-13,0,0,0,0,0,0,0,-6,0,0,6,0,109,101,66,0,0,-126,-8,-165,-162,-154,-16,-40,-25,-329,-292,-372,-229,-569,-569,-541,-315,-315,-284,-533,-510,-510,-510,-29968,-29969,-29969,-29970,-29970,-4141,-29970,-4141,-29969,-29966,-29983,-29984]} 1. d4 Nf6 2. c4 e6 3. Nf3 d5 4. g3 Bb4+ 5. Bd2 Be7 6. Bg2 O-O 7. O-O c6 8. Qc2 Nbd7 9. Bf4 b6 10. cxd5 cxd5 11. Rc1 Bb7 12. Bc7 Qe8 13. Qb3 {E08: Closed Catalan: Main Line: 7 Qc2.} Ne4 14. Nc3 Rc8 15. Nb5 {The position is equal.} Ndc5 16. dxc5 bxc5 17. Be5 c4 18. Qa4 f6 19. Bd4 {[#]} e5 $146 ({Predecessor:} 19... a6 20. Nc3 Nxc3 21. Qxe8 Nxe2+ 22. Kf1 Rfxe8 23. Kxe2 e5 24. Bb6 d4 25. Ba5 Bd5 {½-½ (91) Ponomariov,R (2663)-Gajewski,G (2595) Germany 2019}) 20. Bxa7 {Hoping for b3.} Nd6 $1 21. Nc3 Qxa4 $1 22. Nxa4 {Threatens to win with Bc5.} Ra8 23. Bc5 {Black must now prevent Nb6.} Rxa4 24. Nd2 Rb8 25. b3 (25. e4 $5) 25... cxb3 $1 26. axb3 Rxa1 27. Rxa1 Kf7 28. b4 Ra8 29. Rxa8 (29. Ra5 {seems wilder.} Rxa5 30. bxa5 Ke6 31. e3 Ba6 32. Bh3+) 29... Bxa8 30. Nb3 Nb5 31. Kf1 Bxc5 32. Nxc5 $11 {[%mdl 4096] Endgame KBN-KBN} Ke7 33. Ke1 Kd6 34. Kd2 Nd4 35. Nd3 Nc6 36. Kc3 e4 37. Nc5 d4+ (37... Na7 $11 {keeps the balance.}) 38. Kc4 $16 f5 39. b5 (39. Bf1 $14) 39... d3 $1 $11 {[%cal Rd3e2]} 40. exd3 (40. Nxd3 $1 $11 exd3 41. Kc3) 40... Ne5+ (40... e3 $1 $17 {[%cal Re3e2]} 41. d4 Na5+ {[%mdl 64] Discovered Attack} 42. Kb4 Bxg2 43. fxe3 Nb7) 41. Kd4 $2 {[#]} (41. Kc3 $1 $11 {and White is okay.}) 41... e3 $1 $19 {[%cal Re3e2][%mdl 512] aiming for ...e2.} 42. Bf1 (42. Kxe3 Bxg2) 42... Nf3+ (42... Bg2 $17 43. h4 (43. Bxg2 $2 e2 $19) 43... Bxf1 44. fxe3 Nd7) 43. Kxe3 $11 Nxh2 44. Be2 $2 {[%mdl 8192]} (44. Kd4 $1 $11) 44... Kxc5 $19 45. d4+ Kd6 46. f3 $2 (46. Kf4) 46... g5 47. Bd3 Ke6 48. Bc4+ Kf6 49. Be2 $2 (49. d5 {keeps fighting.}) 49... h5 50. b6 {[#]} Bb7 $1 51. f4 (51. Kf2 $19 Ke7 52. Kg2) 51... Ng4+ 52. Kd2 gxf4 53. gxf4 h4 54. Bf1 Ke6 (54... Ke7 $142 55. Ke1 Kd6 56. Bh3 Be4 57. Kf1 Kc6 58. Ke1 Kxb6 59. d5 Kc5 60. d6 Kxd6 61. Kf1 Kc5 62. Ke1 Kd4 63. Ke2 Bb7 64. Kf1 Ba6+ 65. Ke1 Ke3 66. Bg2 Kxf4 67. Kd2 Kg3 68. Bh1 h3 69. Kc3 f4 70. Kb3 f3 71. Kb4 f2 72. Bc6 f1=Q 73. Kc5 Qf2+ 74. Kd6 {[#]} Qb6 $1 {[%mdl 512]} 75. Kd5 h2 76. Kd6 h1=Q 77. Ke6 Qhxc6+ 78. Ke7 Qa8 79. Kf7 Qf6#) 55. Bc4+ Kd6 56. Bd3 h3 {Accuracy: White = 52%, Black = 82%.} 0-1